Religion in Luxembourg - Statistics

General Stats
  • This quiz has been taken 52 times
  • The average score is 5 of 10
Answer Stats
Percentage Religion % Correct
2% Islam
89%
1% Orthodox
64%
1% Judaism
61%
56% Catholicism
59%
2% Protestantism
55%
6% Other
43%
10% Atheism
34%
2% Unknown
32%
16% Agnostic
25%
4% Other Christians
20%
No matching quizzes found
Score Distribution
Percent of People with Each Score
Percentile by Number Answered
Your Score History
You have not taken this quiz